000 00616nam a22002057a 4500
003 dpl
005 20180915123206.0
008 180910b xxu||||| |||| 00| 0 eng d
010 _aB-031480
020 _a8170002761
_c1250.00
035 _aB-031480
040 _aDPL
_bEN
_c0
082 _a021.65
_bSEH
100 _aSehgal, R.L.
245 _aInternet and internet applications for librarians /
_cby R. L. Sehgal
260 _aNew Delhi
_bEss Ess Publications
_c2000
270 _a4837/24,Ansari road daryaganj
_bNew Delhi
_e110002
300 _a329p.:
_c20cm
942 _2ddc
_cEN
_h021.65
_mSEH
999 _c157311
_d157311